000
00288nam a2200145Ia 4500
100
_a
Glinka/N
650
_a
Chemistry
942
_c
BK
654
_a
chemistry
245
_a
General Chemistry
260
_b
Mir Publishers
_c
2001
082
_a
540
300
_a
636
546
_a
ENGLISH
999
_c
23006
_d
23006